000 00279nas a2200121Ia 4500
008 150201s2010 xx 000 0 und d
245 _aAnatomical Soiciety of India
260 _c2010
310 _aHalf Yearly
500 _aNATIONAL
650 _aHuman Anatomy
942 _2ddc
_cLJ
999 _c6170
_d6170